បុត្រីនាគ : (Record no. 8574)

MARC details
000 -LEADER
fixed length control field 03232nam a22003017a 4500
001 - CONTROL NUMBER
control field 8574
003 - CONTROL NUMBER IDENTIFIER
control field FISKH
005 - DATE AND TIME OF LATEST TRANSACTION
control field 20251028104609.0
008 - FIXED-LENGTH DATA ELEMENTS--GENERAL INFORMATION
fixed length control field 251001b cb ||||| |||| 00| 0 eng d
020 ## - INTERNATIONAL STANDARD BOOK NUMBER
International Standard Book Number 9789995094119
040 ## - CATALOGING SOURCE
Original cataloging agency FISKH
Language of cataloging khr
Transcribing agency FISKH
Modifying agency FISKH
050 ## - LIBRARY OF CONGRESS CALL NUMBER
Classification number PZ7
100 ## - MAIN ENTRY--PERSONAL NAME
Personal name Sotheary, Kimsun
245 ## - TITLE STATEMENT
Title បុត្រីនាគ :
Remainder of title Dragon's daughter /
Statement of responsibility, etc. រៀបរៀងដោយ អ្នកស្រី គឹមស៊ុន សុធារី​
260 ## - PUBLICATION, DISTRIBUTION, ETC.
Place of publication, distribution, etc. Phnom Penh :
Name of publisher, distributor, etc. Reading Books ,
Date of publication, distribution, etc. 2009.
300 ## - PHYSICAL DESCRIPTION
Extent 24 pages :
Other physical details color illustrations ;
Dimensions 25 cm .
490 ## - SERIES STATEMENT
Series statement ពិភពរឿងនិទាន
505 ## - FORMATTED CONTENTS NOTE
Formatted contents note P <br/>
520 ## - SUMMARY, ETC.
Summary, etc. វិបុត្រជាអ្នកនេសាទត្រី ថ្ងៃមួយគាត់បានឃើញក្មេងមួយក្រុមចាប់កូនអណ្តើកលេង ដោយក្តីអានិតគាត់ក៏បានសុំអណ្តើកពីក្មេងៗនោះ​ យកទៅពន្លែងក្នុងទឹក ។​ ថ្ងៃបន្ទាប់គាត់ក៏បានឃើញអណ្តើកមួយដ៏ធំអោនក្បាលអោយវិបុត្រឡើងជិះទៅរាជវាំងនៅក្រោមសមុទ្រ ។​វិបុត្របានជួបនឹងព្រះរាជាទ្រង់បានអរគុណវិបុត្រ ហើយបានរៀបអភិសេកអោយវិបុត្រនិងកូនអណ្តើកដែលជាបុត្រីខ្លួន ។​ ថ្ងៃមួយដោយក្តីរលឺកស្រុកកំនើតគាត់ក៏សុំមហេសីមកលេងផ្ទះ​​ មហេសីក៏អោយប្រអប់មាសមួយតែហាមមិនអោយបើកទេ ។ ពេលមកដល់ផ្ទះគាត់មិនអាចរកផ្ទះឃើញ គាត់ក៏បើកប្រអប់នោះហើយគាត់ក៏បានក្លាយជាតាចាស់​។​
520 ## - SUMMARY, ETC.
Summary, etc. Vibot was a fisherman. One day, he saw a group of children playing with a baby turtle. Out of compassion, he asked the children for the turtle and released it back into the water.<br/>The next day, he saw a large turtle raise its head and invite Vibot to ride on its back to the underwater . There, Vibot met the king, who thanked him and arranged a royal wedding between Vibot and the baby turtle — who was actually the king’s daughter.<br/>Later, feeling nostalgic for his homeland, Vibot asked his royal wife for permission to visit his village. She agreed and gave him a golden box, warning him not to open it under any circumstances.<br/>However, when he arrived, he couldn’t find his old home. In his confusion, he opened the golden box — and instantly turned into an old man.
521 8# - TARGET AUDIENCE NOTE
Target audience note 650 <br/>
Source Lexile estimate <br/>
521 8# - TARGET AUDIENCE NOTE
Target audience note P <br/>
Source Raz-Plus <br/>
650 ## - SUBJECT ADDED ENTRY--TOPICAL TERM
Topical term or geographic name entry element បុត្រីនាគ
Form subdivision រឿងនិទានកុមារ
650 ## - SUBJECT ADDED ENTRY--TOPICAL TERM
Topical term or geographic name entry element Dragon's daughter
Form subdivision Children's stories
700 ## - ADDED ENTRY--PERSONAL NAME
Personal name San, Thai
Relator term Illustrator
942 ## - ADDED ENTRY ELEMENTS (KOHA)
Source of classification or shelving scheme Dewey Decimal Classification
Koha item type Khmer Books
Suppress in OPAC No
Holdings
Withdrawn status Lost status Source of classification or shelving scheme Damaged status Not for loan Collection Home library Current library Shelving location Date acquired Total Checkouts Full call number Barcode Date last seen Copy number Price effective from Koha item type Date last checked out
    Dewey Decimal Classification     Khmer-English Bilingual / ភាសាខ្មែរ-អង់គ្លេស Footprints International School Library Network Toul Tom Poung Campus Footprints International School Library Network Toul Tom Poung Campus TTP Primary Khmer Bookshelves 10/01/2025   SOT PZ7 FIS04347 10/01/2025 1 10/01/2025 Khmer Books  
    Dewey Decimal Classification     Khmer-English Bilingual / ភាសាខ្មែរ-អង់គ្លេស Footprints International School Library Network Toul Tom Poung Campus Footprints International School Library Network Toul Tom Poung Campus TTP Primary Khmer Bookshelves 10/09/2025 1 SOT PZ7 FIS04293 10/10/2025 2 10/09/2025 Khmer Books 10/10/2025
    Dewey Decimal Classification     Khmer-English Bilingual / ភាសាខ្មែរ-អង់គ្លេស Footprints International School Library Network Toul Tom Poung Campus Footprints International School Library Network Toul Tom Poung Campus TTP Primary Khmer Bookshelves 10/28/2025   SOT PZ7 FISBK03774 10/28/2025 3 10/28/2025 Khmer Books  
    Dewey Decimal Classification     Khmer-English Bilingual / ភាសាខ្មែរ-អង់គ្លេស Footprints International School Library Network Toul Tom Poung Campus Footprints International School Library Network Toul Tom Poung Campus TTP Primary Khmer Bookshelves 10/28/2025   SOT PZ7 FIS05028 10/28/2025 4 10/28/2025 Khmer Books